000 00856nam a2200217Ia 4500
003 GCL
008 140319s9999 xx 000 0 ara d
040 _aGCL /
_cGCL
082 0 4 _a327.0973
_bص خ
100 1 _aصالح زهرالدين
245 1 0 _aخلفيات الحصار الاميركي - البريطانى للعراق /
_cصالح زهرالدين
250 _aالاولى
260 _aبيروت :
_bالمركز العربى للابحاث والتوثيق ،
_c1999
300 _a303 ص ؛
_c24 سم
650 0 4 _aالعراق - تاريخ - العصر الحديث
650 0 4 _aالولايات المتحدة الامريكية - العلاقات الخارجية
650 0 4 _aبريطانيا - الاحوال السياسية
650 0 4 _aالمقاطعة الاقتصادية
650 0 4 _aالحصار
942 _2ddc
_cBK
999 _c5616
_d5616